Gilmore Girls Trivia (Are you a real fan?) - Statistics

General Stats
  • This quiz has been taken 403 times
  • The average score is 8 of 14
Answer Stats
Hint Answer % Correct
Who was Rory's 2nd official boyfriend? jess
99%
In what season did Luke push Jess into a lake? season 2
87%
What shirt was lorelai wearing to parent-teacher day? p-52 shirt
83%
"Where you lead __ ___ ____" I will follow
80%
finish the quote, "Oy with the ___ already!" poodles
74%
In ayitl, who did Rory forget to break up with?? Paul
66%
Who was Dean married to when he was with Rory? lindsey
63%
What is April's last name? nardini
63%
What is Dean's little sisters name? clara
58%
What is Liz's daughters name? (Lukes niece) doula
44%
Richard gave Rory money in S1, to go to... fez
43%
If Richard didn't marry Emily, who would he have married? Pennilyn Lot
42%
What are Lane's son's names? steve and kwan
33%
What is jacksons last name? belleview
12%
No matching quizzes found
Score Distribution
Percent of People with Each Score
Percentile by Number Answered
Your Score History
You have not taken this quiz